Communicating the appraisal : the small residential income property appraisal report

Bibliographic Details
Main Author: Mills, Arien C.
Other Authors: Mills, Dorothy Z
Format: Book
Published: Chicago : Appraisal Institute , 1995
Edition:2nd. ed
Subjects:

MARC

LEADER 00000cam a2200000 7i4500
001 0000001542
005 20050504.0
020 |a 0922154244 
040 |a INS 
090 0 0 |a HD1387.   |b M5495 1995 
100 1 |a Mills, Arien C. 
245 1 0 |a Communicating the appraisal :   |b the small residential income property appraisal report   |c Arien C. Mills 
250 |a 2nd. ed 
260 |a Chicago :   |b Appraisal Institute ,   |c 1995 
300 |a 130p. 
650 0 0 |a Real property   |x valuation   |z US   |x forms 
650 0 0 |a Rental housing   |x valuation   |z US   |x forms 
650 0 0 |a Residential properties   |x valuation 
700 1 |a Mills, Dorothy Z 
999 |a 0000007065   |b BOOK   |c Open Shelf   |e Default branch